|
|
|
|
| LEADER |
00000nam a2200000 a 4500 |
| 001 |
UCO7676 |
| 003 |
CL-VaPUC |
| 008 |
001117e19970000CL |||||||||||||||||spa|d |
| 082 |
0 |
4 |
|a 327.117
|b GIU
|2 21
|
| 100 |
0 |
|
|a Giuliano, Maurizio
|e author
|9 452325
|
| 245 |
1 |
3 |
|a La transición cubana y el bloqueo norteamericano
|
| 300 |
|
|
|a 163 p
|
| 942 |
|
|
|c BK
|
| 945 |
|
|
|d 20001117 00:00:00
|a rbrito
|
| 260 |
|
|
|a Santiago
|b CESOC
|c 1997
|
| 650 |
|
0 |
|a Relaciones Internacionales
|9 255740
|
| 650 |
|
7 |
|a CONFLICTOS INTERNACIONAL
|2 CL-VaPUC
|9 452326
|
| 650 |
|
7 |
|a SANCIONES ECONOMICAS
|2 CL-VaPUC
|9 452327
|
| 651 |
|
7 |
|a CUBA
|2 CL-VaPUC
|9 255263
|
| 583 |
|
|
|a last modification
|c 20001117 00:00:00
|k Rodrigo Vera
|
| 999 |
|
|
|c 292561
|d 292559
|
| 952 |
|
|
|0 0
|1 0
|4 0
|6 327_117000000000000_GIU_1997
|7 0
|8 A
|9 343493
|a BIBHIS
|b BIBHIS
|d 2019-11-20
|i 3649563
|o 327.117 GIU 1997
|p 3649563
|r 2025-01-20
|w 2019-11-20
|y BK
|k HIS
|